| 000 | 00378nam a2200133Ia 4500 | ||
|---|---|---|---|
| 008 | 230413s9999||||xx |||||||||||||| ||und|| | ||
| 020 | _a9788184004267 | ||
| 082 |
_a303.6250954 _bR1657 |
||
| 100 | _aRaman, Raghu | ||
| 245 | 0 | _aEveryman's war: strategy, security and terrorism in India | |
| 260 |
_aNoida _bRandom House Publishers India _c2013 |
||
| 300 | _a214 p. | ||
| 942 | _cBK | ||
| 999 |
_c26218 _d26218 |
||